000 00819nam a22001577a 4500
003 OSt
005 20150929111417.0
008 150929b xxu||||| |||| 00| 0 eng d
040 _cRUA
082 _aAGR SOK 2011 B047 Or.1
100 _91559
_aSOK, RATANAK.
245 _aEffect of different organic mulching on sweet pepper under plastic house condition in royal university of agriculture (ឥទ្ធិពលគំរបជីសរីរាង្កផ្សេងៗគ្នាលើការដាំដុះដំណាំម្ទេសហាវៃក្នុងលក្ខខណ្ឌផ្ទះប្លាស្ទិចនៅសាកលវិទ្យាល័យភូមិន្ទកសិកម្ម)
260 _aPhnom Penh
_bRUA
_c2011
300 _axii, 60p.
_bill.
_c29cm.
942 _2ddc
_cAGR
999 _c1466
_d1466